Rolling Stones' 100 Best Album Covers of All Time - Statistics

General Stats
  • This quiz has been taken 56 times
  • The average score is 18 of 100
Answer Stats
Rank Band Album % Correct
10 Nirvana Nevermind
90%
2 The Beatles Abbey Road
86%
4 Pink Floyd The Dark Side of the Moon
81%
8 The Clash London Calling
76%
25 Fleetwood Mac Rumours
60%
42 Bruce Springsteen Born in the U.S.A
50%
6 Patti Smith Horses
48%
11 The Velvet Underground The Velvet Underground & Nico
48%
20 Black Sabbath Black Sabbath
45%
22 Ramones Ramones
43%
12 Kendrick Lamar To Pimp a Butterfly
43%
28 The Rolling Stones Sticky Fingers
40%
86 Frank Ocean Blonde
38%
16 Nas Illmatic
38%
23 The Beatles The White Album
36%
18 The Who Who's next
36%
75 Radiohead Kid A
33%
17 Carole King Tapestry
33%
92 Lauryn Hill The Miseducation of Lauryn Hill
33%
1 Joy Division Unknown Pleasures
33%
15 Beyoncé Lemonade
29%
41 Miles Davis Bitches Brew
26%
59 Sonic Youth Goo
26%
5 The Notorious B.I.G Ready to Die
26%
77 The Smiths The Queen Is Dead
26%
68 Van Halen 1984
24%
7 Funkadelic Maggot Brain
24%
40 Duran Duran Rio
24%
19 Outkast Stankonia
24%
81 King Crimson In the Court of the Crimson King
21%
30 Madvillain Madvillainy
21%
34 Talking Heads Remain in Light
21%
53 Judas Priest British Steel
19%
44 Liz Phair Exile in Guyville
19%
76 Tyler, the Creator Igor
19%
29 Sex Pistols Never Mind the Bollocks, Here's the Sex Pistols
19%
13 Hole Live Through This
17%
62 My Bloody Valentine Loveless
17%
26 SZA SOS
17%
31 David Bowie The Rise and Fall of Ziggy Stardust and the Spiders From Mars
17%
56 T.Rex Electric Warrior
14%
83 Taylor Swift Folklore
14%
74 Blur Parklife
14%
94 Slayer Reign in Blood
14%
9 Cyndi Lauper She's So Unusual
14%
84 Jay-Z The Blueprint
14%
54 Björk Homogenic
12%
39 Led Zeppelin IV
12%
61 Beastie Boys Licensed to Ill
12%
67 Lorde Melodrama
12%
57 Lana Del Rey Norman Fucking Rockwell
12%
48 Eric B. and Rakim Paid in Full
12%
96 Phoebe Bridgers Punisher
12%
37 Bob Dylan The Freewheelin' Bob Dylan
12%
55 A Tribe Called Quest The Low End Theory
12%
38 KISS Alive
10%
69 R.E.M Murmur
10%
14 The Beatles Sgt. Pepper's Lonely Heart Club Band
10%
72 Billie Eilish When We All Fall Asleep, Where Do We Go?
10%
65 DJ Shadow Endtroducing
7%
36 Public Enemy Fear of a Black Planet
7%
97 Public Image Ltd Metal Box
7%
88 Neil Young On the Beach
7%
46 The Rolling Stones Some Girls
7%
93 Slint Spiderland
7%
79 Lil Wayne Tha Carter III
7%
63 Janet Jackson The Velvet Rope
7%
45 The Roots Things Fall Apart
7%
43 Young Thug Jeffery
5%
78 New York Dolls New York Dolls
5%
70 Grace Jones Nightclubbing
5%
87 Devo Q: Are We Not Men ? A: We Are Devo!
5%
73 Willie Nelson Red Headed Stranger
5%
3 Sly and the Family Stone There's a Riot Goin' On
5%
35 The Wailers Catch a Fire
2%
91 Big Brother and the Holding Company Cheap Thrills
2%
51 David Bowie Diamond Dogs
2%
27 Prince Dirty Mind
2%
47 Roxy Music For Your Pleasure
2%
60 Joni Mitchell Hejira
2%
66 Marvin Gaye Here, My Dear
2%
85 Minor Threat Minor Threat
2%
32 Yes Relayer
2%
80 Weyes Blood Titanic Rising
2%
21 Bad Bunny YHLQMDLG
2%
33 Elvis Presley 50000000 Elvis Fans Can't Be Wrong
0%
50 Pet Shop Boys Actuality
0%
49 Calle 13 Calle 13
0%
89 Silkk the Shocker Charge It 2 Da Game
0%
82 Shakira Donde Estan los Ladrones
0%
58 Rosalia El Mal Querer
0%
99 Grateful Dead Europe 72
0%
98 Lil Yachty Lil Boat
0%
71 FKA Twigs LP1
0%
24 Ol' Dirty Bastard Return to the 36 Chambers : The Ditry Version
0%
95 Offset Set it Off
0%
100 Spinal Tap Smell the Glove
0%
52 Sleater-Kinney The Hot Rock
0%
90 Ani DiFranco Up Up Up Up Up Up
0%
64 Sonny Rollins Way Out West
0%
No matching quizzes found
Score Distribution
Percent of People with Each Score
Percentile by Number Answered
Your Score History
You have not taken this quiz